000 00599nam a22001817a 4500
999 _c525155
_d525155
003 NUST
005 20190628072621.0
008 190628b ||||| |||| 00| 0 eng d
038 _aMr.Atta
082 _a005.1
100 _aMuhammad Waseem Anwar
_915911
245 _aOptimization of Software to Attain Optimum Cost and Flexibility for Automatin Wide Range of Industrial Processes \
_cMuhammad Waseem Anwar
260 _aIslamabad :
_bCEME NUST,
_c2014.
300 _aill : xii, 107 p. ;
_c30cm.
500 _aHardcover.
600 _aComputer Engineering -MS- Thesis
_915646
942 _2ddc
_cTHE